[Event "Hoogeveen Essent op"]
[Site "Hoogeveen"]
[Date "2007.10.18"]
[Round "7"]
[White "Van der Veen, Jan"]
[Black "Hendriks, Richard V"]
[Result "1/2-1/2"]
[WhiteElo "2144"]
[BlackElo "2125"]
[PlyCount "24"]
[EventDate "2007.10.12"]
[EventType "swiss"]
[EventRounds "9"]
[EventCountry "NED"]
[SourceTitle "CBM 120 Extra"]
[Source "ChessBase"]
[SourceDate "2007.11.01"]
[SourceVersion "1"]
[SourceVersionDate "2007.11.01"]
[SourceQuality "1"]

1. e4 e5 2. Nf3 Nc6 3. Bb5 a6 4. Ba4 Nf6 5. 0-0 Be7 6. Re1 b5 7. Bb3 d6 8. c3 0-0 9. h3 Na5 10. Bc2 c5 11. d4 Qc7 12. Nbd2 Bd7 1/2-1/2

[Event "Hoogeveen Essent op"]
[Site "Hoogeveen"]
[Date "2007.10.17"]
[Round "6"]
[White "Vuilleumier, Alexandre"]
[Black "Van der Veen, Jan"]
[Result "1/2-1/2"]
[WhiteElo "2315"]
[BlackElo "2144"]
[PlyCount "67"]
[EventDate "2007.10.12"]
[EventType "swiss"]
[EventRounds "9"]
[EventCountry "NED"]
[SourceTitle "CBM 120 Extra"]
[Source "ChessBase"]
[SourceDate "2007.11.01"]
[SourceVersion "1"]
[SourceVersionDate "2007.11.01"]
[SourceQuality "1"]

1. d4 Nf6 2. c4 g6 3. Nf3 Bg7 4. g3 0-0 5. Bg2 d6 6. 0-0 c6 7. Nc3 Qb6 8. h3 Qa6 9. b3 b5 10. cxb5 cxb5 11. Bg5 Bb7 12. b4 Nbd7 13. a4 bxa4 14. b5 Qb6 15. Qd3 Rfc8 16. Nxa4 Qd8 17. Bd2 Be4 18. Qe3 Nb6 19. Ba5 Qe8 20. Bxb6 axb6 21. Nc3 Bb7 22. Nd2 Bxg2 23. Kxg2 Qd7 24. Qf3 Rxa1 25. Rxa1 d5 26. Ra6 Qd6 27. Na4 Qb4 28. Qd3 Ne4 29. Nf3 e6 30. Nxb6 Rc3 31. Ra8+ Bf8 32. Qd1 Qxb5 33. Ne5 Kg7 34. Nbd7 1/2-1/2